| 000 | 01684nam a2200373 c 4500 | ||
|---|---|---|---|
| 003 | BLK | ||
| 005 | 20240226124513.0 | ||
| 008 | 180408b bul|||||r ||||||| ||bul|| | ||
| 010 | _aKNG00078434000 | ||
| 020 |
_a954-02-0303-1 _bиздат.: Наука и изкуство |
||
| 040 | _aBLK | ||
| 041 |
_aBUL _cBUL |
||
| 080 |
_aБългарски език _b811.163.2 _x-5(076)(075.3) _z811.163.2-5(076)(075.3) |
||
| 100 | 1 |
_aМатеева, Андриана Данаилова _eпърви автор _9364574 |
|
| 700 | 1 |
_aКърлова, Радка Николова _eсъавт. _9368836 |
|
| 139 |
_aМатеева, Андриана Данаилова и др. _bМ 39 |
||
| 245 | 1 | 0 |
_aБългарската граматика в правила и тестове _cАндриана Данаилова Матеева; съавт. Радка Николова Кърлова. |
| 250 | _a2. прераб. и доп. изд. | ||
| 257 | _aBGR | ||
| 260 |
_аСофия _bНаука и изкуство _c2006 _fВраца : Полипринт |
||
| 300 |
_a208 с. _bс табл. _c20 см |
||
| 380 | _a80 | ||
| 500 | _a1. изд. 2002 на изд. Кръгозор в сер. Успешна матура : Стъпка по стъпка; 1 | ||
| 650 | 4 |
_aБългарски език - граматика - учебни помагала _9252698 |
|
| 653 | _aбългарски език | ||
| 653 | _aграматика | ||
| 653 | _aучебници за средни училища | ||
| 852 | _aЦб 236241 | ||
| 856 | 4 |
_qpdf _u |
|
| 856 | 4 |
_qpdf _u |
|
| 942 |
_cKNG _n0 _010 |
||
| 944 |
_aCR _c19.10.2007 _k30531 _lЦветелина Шанова |
||
| 944 |
_aED _c16.12.2008 _k |
||
| 999 |
_c74038 _d74038 |
||